| 000 | 00482nam a2200181Ia 4500 | ||
|---|---|---|---|
| 001 | 19214 | ||
| 005 | 20260306171727.0 | ||
| 008 | 260306s9999||||xx |||||||||||||| ||und|| | ||
| 041 | _aESP | ||
| 082 |
_a658.802 _bM585 |
||
| 100 |
_aMullins, John W. _eAUT |
||
| 245 | 0 |
_aAdministración de marketing: _bun enfoque en la toma estratégica de decisiones |
|
| 260 | _c2007 | ||
| 300 |
_axxii, 519 páginas : _c27 cm. |
||
| 650 | _aGEN | ||
| 654 | _aCAN | ||
| 942 |
_cLIB _dJUS _fJUS _2ddc _n |
||
| 999 |
_c19214 _d19214 |
||